[Event "Berlin Lichtenberger op 17th"]
[Site "Berlin"]
[Date "2018.08.26"]
[Round "9"]
[White "Timm, Christian"]
[Black "Fontaine, Constantin"]
[Result "0-1"]
[WhiteElo "1651"]
[BlackElo "1487"]
[PlyCount "92"]
[EventDate "2018.08.18"]
[EventType "swiss"]
[EventRounds "9"]
[EventCountry "GER"]
[SourceTitle "CBM 186 Extra"]
[Source "ChessBase"]
[SourceDate "2018.08.24"]
[SourceVersion "1"]
[SourceVersionDate "2018.08.24"]
[SourceQuality "1"]

1. Nf3 d5 2. g3 c6 3. Bg2 Nd7 4. d4 e6 5. a3 Ngf6 6. 0-0 Be7 7. Nbd2 0-0 8. Re1 c5 9. c3 cxd4 10. cxd4 b6 11. b4 a5 12. bxa5 Rxa5 13. Nb3 Ra7 14. Bb2 b5 15. Bf1 b4 16. a4 Nb6 17. a5 Nc4 18. Bc1 Nxa5 19. Nc5 Qc7 20. Bf4 Nb3 21. Qxb3 Rxa1 22. Rxa1 Qb6 23. e3 Nd7 24. Nxd7 Bxd7 25. Ra6 Qb7 26. Bd3 Ra8 27. Rxa8+ Qxa8 28. Qb1 f5 29. g4 g6 30. gxf5 gxf5 31. Qf1 b3 32. Qg2+ Kf7 33. Qh3 Qg8+ 34. Bg3 b2 35. Qh5+ Qg6 36. Ne5+ Ke8 37. Qd1 h5 38. Kh1 h4 39. Be2 b1Q 40. Qxb1 hxg3 41. fxg3 Qh6 42. Qg1 Bg5 43. Qg2 Bxe3 44. g4 Qg5 45. Qf3 Bxd4 46. gxf5 Qg1# 0-1

[Event "Berlin Lichtenberger op 16th"]
[Site "Berlin"]
[Date "2017.08.19"]
[Round "1"]
[White "Timm, Christian"]
[Black "Lange, Cecilia"]
[Result "0-1"]
[WhiteElo "1605"]
[BlackElo "1886"]
[PlyCount "103"]
[EventDate "2017.08.19"]
[EventType "swiss"]
[EventRounds "9"]
[EventCountry "GER"]
[SourceTitle "CBM 180 Extra"]
[Source "ChessBase"]
[SourceDate "2017.10.06"]
[SourceVersion "1"]
[SourceVersionDate "2017.10.06"]
[SourceQuality "1"]

1. Nf3 Nf6 2. d4 d5 3. g3 c6 4. Bg2 Bg4 5. 0-0 Nbd7 6. Nbd2 Qc7 7. a4 a5 8. c4 e5 9. cxd5 Nxd5 10. e4 Nb4 11. h3 Bxf3 12. Nxf3 Be7 13. Bg5 Bxg5 14. Nxg5 0-0 15. d5 h6 16. d6 Qd8 17. Nf3 Qf6 18. Nh4 Nc5 19. Ra3 g6 20. Qc1 Qxd6 21. Qxh6 Rad8 22. f4 Nxe4 23. fxe5 Qxe5 24. Nxg6 Qd4+ 25. Kh2 fxg6 26. Qxg6+ Qg7 27. Rxf8+ Rxf8 28. Qxg7+ Kxg7 29. Bxe4 Rf2+ 30. Kg1 Rxb2 31. g4 Na6 32. h4 Nc5 33. Bf5 Nb3 34. g5 Nd4 35. Bg4 Kg6 36. Rd3 Rb4 37. Bd1 Nf5 38. Bc2 Nxh4 39. Rg3+ Kg7 40. Kh2 Rc4 41. Bb3 Rb4 42. Kh3 Nf5 43. Rd3 Kg6 44. Bc2 Kxg5 45. Rf3 Nd4 46. Rg3+ Kf4 47. Rg4+ Ke3 48. Rg3+ Kd2 49. Bg6 Rb3 50. Bf7 Rxg3+ 51. Kxg3 b5 52. axb5 0-1

[Event "Mecklenburg VP-ch Seniors op 06th"]
[Site "Plau am See"]
[Date "2006.10.09"]
[Round "6"]
[White "Schirmer, Werner"]
[Black "Timm, Christian"]
[Result "1-0"]
[WhiteElo "1944"]
[BlackElo "1529"]
[PlyCount "31"]
[EventDate "2006.10.04"]
[EventType "swiss"]
[EventRounds "9"]
[EventCountry "GER"]
[SourceTitle "EXT 2022"]
[Source "ChessBase"]
[SourceDate "2021.10.06"]
[SourceVersion "1"]
[SourceVersionDate "2021.10.06"]
[SourceQuality "1"]

1. e4 e6 2. d4 d5 3. Nc3 dxe4 4. Nxe4 Nc6 5. Nf3 g6 6. Bg5 Be7 7. Bb5 Bd7 8. 0-0 Bxg5 9. Nfxg5 f5 10. d5 fxe4 11. dxc6 bxc6 12. Nxe6 Qb8 13. Nc5 Nf6 14. Nxd7 Nxd7 15. Bxc6 Qd8 16. Qd4 1-0